Регионална библиотека "Любен Каравелов" - Русе

Играта за педагогически цели (Запис номер 179442)

MARC детайли
000 -Лидер
Контролно поле с фиксирана дължина 01903nam a2200409 c 4500
003 - Код на организацията, давaща контролен номер
Контролно поле BLK
005 - Дата и час на последна редакция
Контролно поле 20210531114535.0
008 - Елементи от данни с фиксирана дължина
fixed length control field 180411b bul|||||r ||||||| ||bul||
010 ## - Наследен системен номер
LC control number KNG00188221000
020 ## - Международен стандартен номер на книга ISBN
Международен стандартен номер на книга ISBN 978-954-337-209-6
-- издат.: Авангард принт
040 ## - Източник на каталожния запис
Идентификатор на билиотеката - собственик на записа BLK
041 ## - Код за език
Код за езика на текст/звукозапис или на отделно заглавие Български
Код за езика КДБФ Български
072 #7 - Код за тематичната категория
Код организация bullib
Код за тематична категория Н37
Текст Образование. Педагогика Н
080 ## - УДК
Текстов определител УДК Развиване на мисълта. Подвижни упражнения - Упражняване на вниманието и способността за различаване, наблюдаване на природата, гимнастика, ритмични упражнения, ръчна работа и др.
УДК код - определител по УДК 372.36
УДК определител (076)(075.8)
УДК - код + определител 372.36(076)(075.8)
100 1# - Редна дума - Автор
Автор Георгиева, Соня Георгиева
Авторска отговорност първи автор
R(LIN) 374129
139 ## - Редно поле
Редна дума Георгиева, Соня Георгиева
Авторски знак Георгиев - Г 37
245 10 - Сведения за заглавието
Заглавие Играта за педагогически цели
Подзаглавни данни Практикум за педагози
Редно поле (дума) Соня Георгиева Георгиева.
257 ## - Страна на издаване
Страна на създаване/издаване България
260 ## - Област на издателските данни
-- Русе
Име на издателя, разпространителя и проч. Авангард принт
Година на издаване 2014
300 ## - Физическа характеристика
Страници 102 с.
Илюстрации и др. с ил.
Размери/Мащаб 20 см
Съпровождащи материали CD
380 ## - Жанр
Жанр Обществени науки
500 ## - Общи забележки
Забележка Библиогр. с. 92-95. - CD със сигн. Цб CD 4161
650 #4 - Допълнително описание по предмет – тема
Основно описание – тема или топоним Дидактически игри
9 (RLIN) 280381
653 ## - Ключова дума – ненормативна
Ключова дума педагогика
653 ## - Ключова дума – ненормативна
Ключова дума сюжетни игри
653 ## - Ключова дума – ненормативна
Ключова дума подвижни игри
653 ## - Ключова дума – ненормативна
Ключова дума конструктивни игри
653 ## - Ключова дума – ненормативна
Ключова дума дидактически игри
653 ## - Ключова дума – ненормативна
Ключова дума предучилищно възпитание
653 ## - Ключова дума – ненормативна
Ключова дума практикум
659 ## - Тематичен бюлетин
Тематичен бюлетин Н
852 ## - Местоположение
Форматна сигнатура Цб 280832
856 4# - Електронен адрес и достъп
Електронен формат pdf - файл
Път до файла /url/
856 4# - Електронен адрес и достъп
Електронен формат pdf - файл
Път до файла /url/
942 ## - АРТИКУЛИ
Вид на библиотечния материал Книги
Скрит в OPAC Не
Koha issues (borrowed), all copies 3
944 ## - СЪЗДАВАНЕ И РЕДАКЦИЯ на ЗАПИСА
Създаване/Редакция Създаване
Дата на регистрацията/редакция 03.06.2016
Служител, извършил регистрацията/редакцията Виолета_Тройчева
944 ## - СЪЗДАВАНЕ И РЕДАКЦИЯ на ЗАПИСА
Създаване/Редакция Редакция
Дата на регистрацията/редакция 28.06.2016
Служител, извършил регистрацията/редакцията Геновева_Генчева
999 ## - СИСТЕМНИ КОНТРОЛНИ НОМЕРА
Koha biblionumber 179442
Koha biblioitemnumber 179442
Наличности
Код за отписване Код за изгубен артикул Източник на класификационната схема Код за повреда Коз за рестрикции Код за отдаване Артикулен № Име на библиотеката - собственик Име на библиотеката, в която се намира в момента Статус (Текущо местоположение) Дата на вписване в системата Местоположение - отдел Цена в лева Инвентарен номер Систематично азбучна сигнатура Баркод Номер на екземпляра Цена в евро Служебна бележка Служебен тип на артикула
  Не е изгубен Universal Decimal Classification Не е повреден без рестрикции ползва се в читалня 307800 Регионална библиотека "Любен Каравелов" Русе Регионална библиотека "Любен Каравелов" Русе Читалня 2016-06-04 Читалня 8.10 120000800771 Ч 373.2+373.3/Г 37 120000800771 1 4.14 Дост: Pk Вид: Ф N: 463 Дата: 03.06.2016 Дата инв: 15.03.2017 Бележки инв: Ч2017 Книги
  Не е изгубен   Не е повреден без рестрикции ползва се в читалня 307801 Регионална библиотека "Любен Каравелов" Русе Регионална библиотека "Любен Каравелов" Русе Хранилище 2016-06-04 Основен фонд - ползва се само за читалня 8.10 120000800772 Цб 280832 120000800772 2 4.14 Дост: Pk Вид: Ф N: 463 Дата: 03.06.2016 Книги
Vip Innovations Ltd, Rousse, Bulgaria 2025